| 000 | 00343cam a22001097a 4500 | ||
|---|---|---|---|
| 008 | 180718b1984 xxu||||| |||| 00| 0 eng d | ||
| 082 | _aQ26 Un3p | ||
| 245 |
_aHumane treatment of offenders : report _cby Economic and social council |
||
| 260 |
_a _bEconomic and social council _c1984 |
||
| 300 | _av.p. | ||
| 700 | _aU.N. Economic and social council | ||
| 999 |
_c495699 _d495699 |
||